Normal view MARC view

Entry Nombre personal

Number of records used in: 1

001 - NÚMERO DE CONTROL

  • campo de control: 240123

003 - IDENTIFICADOR DE NÚMERO DE CONTROL

  • campo de control: SpMaBN

005 - FECHA Y HORA DE LA ÚLTIMA TRANSACCIÓN

  • campo de control: 20250429173316.0

008 - ELEMENTOS DE DATO DE LONGITUD-FIJA

  • campo de control de longitud fija: 050308n| aijnnaabn |a aaa

016 ## - NÚMERO DE CONTROL DE UNA AGENCIA BIBLIOGRÁFICA NACIONAL

  • Número de control del registro: BNE20050450335

024 7# - IDENTIFICADOR DE OTROS ESTÁNDARES

  • Número estándar o código: http://www.wikidata.org/entity/Q8338699
  • Fuente: wikidata

024 7# - IDENTIFICADOR DE OTROS ESTÁNDARES

  • Número estándar o código: http://viaf.org/viaf/169784799/
  • Fuente: viaf

040 ## - FUENTE DE CATALOGACIÓN

  • Centro catalogador/agencia de origen: SpMaBN
  • Lengua de catalogación: spa
  • Centro/agencia transcriptor: SpMaBN
  • Normas de descripción: rdc
  • Convención/Normas de encabezamiento de materia/tesauro: embne

046 ## - FECHAS CON CODIFICACIÓN ESPECIAL

  • Fecha de nacimiento: 1940

100 1# - ENCABEZAMIENTO-NOMBRE DE PERSONA

  • Nombre de persona: Maza, Carmen de la,
  • Fechas asociadas al nombre: 1940-2022

370 ## - LUGAR ASOCIADO

  • Lugar de nacimiento: España, País Vasco, Guipúzcoa, San Sebastián
  • Fuente del término: embne

370 ## - LUGAR ASOCIADO

  • Lugar de fallecimiento: España, Madrid (Comunidad Autónoma), Madrid
  • Fuente del término: embne

372 ## - CAMPO DE ACTIVIDAD

  • Campo de actividad: Películas cinematográficas
  • Campo de actividad: Teatro
  • Campo de actividad: Series de televisión
  • Fuente del término: abne

374 ## - OCUPACIÓN

  • Ocupación: Actores
  • Fuente del término: embne

375 ## - GÉNERO/SEXO

  • Género: Femenino

377 ## - IDIOMA ASOCIADO

  • Término de lengua/lenguaje: Español

400 1# - TRAZADO DE VÉASE--NOMBRE DE PERSONA

  • Nombre de persona: Sainz de la Maza y de la Serna, María del Carmen
  • Fechas asociadas al nombre: 1940-2022

670 ## - FUENTE DE DATOS ENCONTRADOS

  • Cita de la fuente: WWW IMDB, 03-12-2009;
  • Información encontrada: (Carmen de la Maza; b. 1940; actress)

670 ## - FUENTE DE DATOS ENCONTRADOS

  • Cita de la fuente: WWW Wikipedia, 17-1-2022;
  • Información encontrada: (Carmen de la Maza. María del Carmen Sainz de la Maza y de la Serna (San Sebastián, 23 de agosto de 1940 - Madrid, 14 de enero de 2022)​ fue una actriz española. Estudió en la Escuela de Arte Dramático de Madrid, se dedicó al teatro, cine y series de televisión)
  • Identificador Uniforme de Recursos: https://es.wikipedia.org/wiki/Carmen_de_la_Maza

670 ## - FUENTE DE DATOS ENCONTRADOS

  • Cita de la fuente: WWW Bn España aut., 29-4-2025;
  • Información encontrada: (Maza, Carmen de la, 1940-2022)

954 ## - CATALOGADOR -ALTA REGISTRO

  • Nombre del catalogador: Inmaculada Vicente Garcia